000
00328 a2200157 4500
001
61956
020
_a
9788576654063
040
_c
Anchieta - Pituba
100
_a
Felício, Cláudia
240
1
0
_a
Pára tudo!
_l
por
245
1
0
_a
Pára tudo!
300
_a
114
362
0
_a
2008
650
4
_a
Literatura juvenil
942
_c
BK
999
_c
61956
_d
61956